00731nam a22002057a 4500999001900000005001700019010001500036020002600051035001400077037001300091082001400104100002400118245005200142260002500194270006000219300002500279500005000304942002800354952014300382 c174055d17405520200316145800.0 aENG-128058 a9789387472006c650.00 aEN-111590 bDBAD/PUB a59222nd. aMandal, Fatik Baran aBiology of Non-Chordatescby Fatik Baran Mandal aNew DelhibPHIc2018 aHouse No. 111, Patparganj Industrial Estate,bNew Delhi axix;488p.c28cm(pbk) aincludes bibliographical references and index 2ddccENh592mMANe2nd. 001040708NFICaLbLd2020-03-16eDBAD/PUBg650.00l5m4o592 MANpEN-111590r2026-01-24 00:00:00s2025-12-31t1v650.00w2020-03-16yEN